El poema del himno nacional argentino (Record no. 108667)

MARC details
000 -LEADER
campo de control de longitud fija 00661nam a2200169 4500
001 - NÚMERO DE CONTROL
campo de control 108667
003 - IDENTIFICADOR DE NÚMERO DE CONTROL
campo de control ES-MaACL
005 - FECHA Y HORA DE LA ÚLTIMA TRANSACCIÓN
campo de control 20230906184701.0
007 - CAMPO FIJO DE DESCRIPCIÓN FÍSICA--INFORMACIÓN GENERAL
campo de control de longitud fija t|
008 - DATOS DE LONGITUD FIJA--INFORMACIÓN GENERAL
campo de control de longitud fija 061121s1932 sp r ||||1| spa d
100 1# - ENTRADA PRINCIPAL--NOMBRE DE PERSONA
Nombre de persona Monserrat, Gabriel.
9 (RLIN) 82296
245 13 - MENCIÓN DEL TÍTULO
Título El poema del himno nacional argentino
Resto del título : (estudio historial y crítico) /
Mención de responsabilidad, etc. Gabriel Monserrat; con un prefacio de Manuel Carlés y con el poema de los himnos de todas las naciones, con antecedentes y juicios críticos en algunos.
260 ## - PUBLICACIÓN, DISTRIBUCIÓN, ETC.
Lugar de publicación, distribución, etc. Buenos Aires :
Nombre del editor, distribuidor, etc. Librería del Colegio,
Fecha de publicación, distribución, etc. 1932.
300 ## - DESCRIPCIÓN FÍSICA
Extensión XXXII, 566 p. ;
Dimensiones 22 cm.
700 1# - ENTRADA AGREGADA--NOMBRE PERSONAL
Nombre de persona Carlés, Manuel.
9 (RLIN) 35265
852 ## - LOCALIZACIÓN
Ubicación ES-MaACL
Número de control de estantería A-582
Holdings
Estatus retirado Estado de pérdida Estado de daño No para préstamo Biblioteca de origen Biblioteca actual Ubicación en estantería Fecha de adquisición Fuente de adquisición Total de préstamos Signatura topográfica completa Código de barras Visto por última vez Precio de reemplazo Tipo de ítem Koha
        Biblioteca del Ateneo de Madrid Biblioteca del Ateneo de Madrid Sala Pecera Planta 1 17/01/2008     A-582 1113391 23/02/2023 23/02/2023 Libro impreso